| 000 | 00786nam a2200253Ia 4500 | ||
|---|---|---|---|
| 003 | OSt | ||
| 005 | 20220928131122.0 | ||
| 006 | a|||||r|||| 00| 0 | ||
| 007 | ta | ||
| 008 | 220927b |||||||| |||| 00| 0 eng d | ||
| 024 | _a47110 | ||
| 037 | _cTextual | ||
| 040 |
_aSDCL _cSDCL _beng |
||
| 041 |
_2eng _aeng |
||
| 082 | _aV5'N, L7 | ||
| 100 |
_aPalmer Stanley H _9477211 |
||
| 245 | 0 |
_aWalter prescott webb memorial lectures _bEssays on modern European revolutionary history. |
|
| 260 |
_aAstin _bUniversity of Texas Press _c1977 |
||
| 300 |
_axxiii132p. _ccm. |
||
| 700 |
_a Baker Anthony S _9477212 |
||
| 700 |
_a Reinhartz Dennis _9477213 |
||
| 942 |
_hV5'N, L7 _cTEXL _2CC |
||
| 999 |
_c789679 _d789679 |
||